000
00326nam a2200133Ia 4500
008
191014s9999 xx 000 0 und d
020
_a
416-11790-2
082
_a
537.623
_b
LYN
100
_a
E.A. Lynton
_9
20417
245
0
_a
Superconductivity
260
_a
USA
_b
Barnes & Noble Inc
_c
1969
300
_a
X,219
942
_c
BK
999
_c
530999
_d
530999